[Event "Gelsenkirchen Silvester op 3rd"]
[Site "Gelsenkirchen"]
[Date "2015.12.29"]
[Round "5"]
[White "Nikolaus, Michael"]
[Black "Yavuz, Tamer Erdem"]
[Result "0-1"]
[WhiteElo "1591"]
[BlackElo "1524"]
[PlyCount "88"]
[EventDate "2015.12.27"]
[EventType "swiss"]
[EventRounds "5"]
[EventCountry "GER"]
[SourceTitle "EXT 2019"]
[Source "ChessBase"]
[SourceDate "2018.10.10"]
[SourceVersion "1"]
[SourceVersionDate "2018.10.10"]
[SourceQuality "1"]

1. Nf3 Nf6 2. Nc3 c5 3. e4 d6 4. Bc4 Nc6 5. h3 g6 6. 0-0 Bg7 7. d4 cxd4 8. Nxd4 0-0 9. Be3 e5 10. Ndb5 Ne8 11. Qd2 a6 12. Na3 b5 13. Bd5 Bb7 14. Ne2 Nf6 15. Rfd1 Nxd5 16. Qxd5 Na5 17. Qxd6 Qxd6 18. Rxd6 Bxe4 19. Ng3 Bb7 20. b4 Nc6 21. Ne4 Nxb4 22. Nc5 Bc8 23. c3 e4 24. Bd4 Bxd4 25. Rxd4 Nc6 26. Rxe4 Bf5 27. Re3 h5 28. Rc1 Rfd8 29. Ne4 Na5 30. g4 hxg4 31. hxg4 Be6 32. Rh3 Kg7 33. Rh4 Rd5 34. g5 Rh8 35. Rxh8 Kxh8 36. Kg2 Kg7 37. f4 Rd8 38. Rc2 Bf5 39. Re2 Bxe4+ 40. Rxe4 Rd2+ 41. Kf3 Rxa2 42. Nb1 Nc4 43. Rd4 Rb2 44. Rd1 Rxb1 0-1